00809nam a2200229Ia 450000500170000000800410001702000220005804000190008004100120009908200150011124501330012626000390025930000100029844000350030850400400034365000230038370000250040685000100043194200070044199900170044895201140046520230309110127.0131103s9999 xx 000 0 und d a631234721cRs 295 aLoreto College aEnglish a822.4bWOM aRestoration Comedy b Introduced by Duncan Wu with texts taken from Restoration Drama : An AnthologycEdited by David Womersley aOxfordbBlackwell Publishingc2002 a153p  aBlackwell Essential Literature aIncludes bibliographical references aRestoration Comedy aWomersley, David, ed aLCLIB cBK c17630d68109 00102ddc4070aMAINbMAINd2013-11-04l5o822.4 WOM 45932pB18056r2019-08-28s2019-08-28w2013-11-04yBKf